000 00698 a2200289 4500
260 _aCambridge
260 _aMassachussets
260 _aLondres
630 _a62 - Ingenierie. Art de lingenieur. Technologie en general
037 _b3, Achat
650 _a6 - SCIENCES APPLIQUEES
100 _aARRAY(0x9fac560)
260 _bThe MIT Press
245 _aTechnology in America : a history of individuals and ideas
300 _a319 p.
650 _aTechnologie : Amérique
260 _c1990
300 _b20cm
100 _lEn
037 _aS 4829
037 _aDe 6609
037 _aDe 6615
250 _a2e éd.
020 _a0-262-66049-0
999 _c41920
_d41920